Statistics for Famous worldwide streets. In which city is each of these located?

Click here to take the quiz!

General Stats

  • This quiz has been taken 140 times
  • The average score is 9 of 15

Answer Stats

HintAnswer% Correct
Ave des Champs ElyseesParis
96%
Park AvenueNew York
94%
Fleet StreetLondon
91%
KufurstendammBerlin
88%
Via VenetoRome
85%
Ventura BlvdLos Angeles
79%
Pennsylvania AveWashington
78%
Lombard StreetSan Francisco
68%
Wangfujing StreetBeijing
64%
Nieuwstraat (Rue Neuve)Brussels
47%
Arbat StreetMoscow
39%
Princes StreetEdinburgh
31%
The BundShanghai
31%
Paulista AveSao Paulo
29%
Orchard RoadSingapore
23%

Score Distribution

Percentile by Number Answered

Percent of People with Each Score

Your Score History

You have not taken this quiz